|
|
|
|
| LEADER |
00000cam a2200000 i 4500 |
| 001 |
1/81063 |
| 008 |
050714q19601970 gre d |
| 035 |
|
|
|l 10079178
|
| 040 |
|
|
|a GR-MY-UA
|b gre
|e aacr
|
| 041 |
1 |
|
|a gre
|
| 082 |
0 |
|
|a 891.73
|2 (22)
|
| 100 |
1 |
|
|a Tolstoy, Leo,
|c graf,
|d 1828-1910.
|
| 245 |
1 |
0 |
|a Άννα Καρένιν /
|c Λ. Ν. Τολστόι ; μετάφραση Γιάννη Κουχτσόγλου
|
| 260 |
|
|
|a Αθήνα :
|b Μπομπόλη,
|c [19--;]
|
| 300 |
|
|
|a 474 σ.;
|c 21 εκ.
|
| 650 |
0 |
0 |
|a Love stories.
|
| 651 |
|
0 |
|a Russia
|x Social life and customs
|y 1533-1917
|x Fiction.
|
| 700 |
1 |
|
|a Κουχτσόγλου, Γιάννης Αθ.,
|d 1910-
|4 trl
|
| 852 |
|
|
|a INST
|b RHODES
|c KRI
|e 20050714
|h 891.73 TOL
|p 005400022933
|q 005400022933
|t BK
|y 0
|
| 901 |
|
|
|a BIBL2-2005-2
|
| 909 |
|
|
|a Ρ
|b 121883
|
| 970 |
|
|
|a ΣΙΔΕΡΗ
|b ΝΕΚΤΑΡΙΑ
|z 2005/07/14
|